=LDR 00000nam 2200000 4500 =001 INLIS000000000038938 =005 20140625152009.0 =006 =007 =008 ind =035 ##$$a 0010-061300000038938 =041 ##$$a ind =082 ##$$a 813 =090 ##$$a 813, Mal k =100 ##$$a MALARKEY, Tucher =245 ##$$a Kebangkitan, Tucher malarkey;Alih bahasa,Arif subiyanto =260 ##$$a 2004 $b Jakarta =300 ##$$a 421 Hlm, 23 Cm =650 ##$$a FIKSI =700 ##$$a SUBIYANTO, Arif =850 ##$$a NBPNMAT =990 ##$$a 21400613/BPAP-NTB/20142014